| 000 | 01914nam a22003017a 4500 | ||
|---|---|---|---|
| 005 | 20110523142628.0 | ||
| 010 | _aENG-102490 B-452344-348 | ||
| 020 |
_a9788176297143 _c2200.00 |
||
| 035 | _aEN-86023 B-452344-348 | ||
| 037 | _bDBAD / PUB | ||
| 037 | _bVirtuous Pub/Ven | ||
| 082 | _a363.34 | ||
| 100 |
_aGoel, S. L. _941257 |
||
| 245 |
_aManagement of natural disasters / _cby S.L. Goel |
||
| 260 |
_aNew Delhi _bDeep & Deep Publications _c2010 |
||
| 270 |
_aF-159, Rajouri Garden _bNew Delhi _e110027 _k25435369,25440916 |
||
| 300 |
_axxvi, 554 p. : _c25cm (Hb) _bcol. photos,maps |
||
| 500 | _aIncludes bibliographical references and index | ||
| 700 | _927415 | ||
| 942 |
_adpl _cEN _2ddc _mGOE _h363.34 |
||
| 999 |
_c52518 _d52518 |
||